History Quiz

Random History or Clickable Quiz

Finish the Famous Quote IV Quiz Stats

 Plays Quiz Updated Oct 25, 2015

Challenge
Share
Tweet
Embed
Score 0/28 Timer 06:00
0 Plays Today
% Correct
Heart
98.2%
Tool
95.5%
Wasted
94.2%
Guaranteed
91.9%
Pain
91.5%
Young
91.3%
Survive
90.6%
Home
90.6%
Work
89.8%
Learn
89.2%
Pressure
88%
Party
87.7%
Engineering
86.4%
Combination
84.1%
% Correct
Philosophy
83.9%
Abandoned
83.5%
Remedy
83%
Enlightenment
82.8%
Doubt
82.3%
Comfort
82%
Sanity
81%
Happier
78.5%
Hope
70.6%
Respect
67.7%
Wonderful
62.8%
Today
62.8%
Daily
54.9%
Nows
52.8%

You're not logged in!

Compare scores with friends on all Sporcle quizzes.
OR
Log In

You Might Also Like...

Show Comments

Extras

Top Quizzes Today


Score Distribution

Your Account Isn't Verified!

In order to create a playlist on Sporcle, you need to verify the email address you used during registration. Go to your Sporcle Settings to finish the process.

Report this User

Report this user for behavior that violates our Community Guidelines.

Details: